[Event "Donetsk Amitan Memorial IM 4th"]
[Site "Donetsk"]
[Date "2011.12.14"]
[Round "9"]
[White "Kutsyj, Alexander"]
[Black "Berezin, Oleg"]
[Result "1/2-1/2"]
[WhiteElo "2324"]
[BlackElo "2419"]
[PlyCount "23"]
[EventDate "2011.12.08"]
[EventType "tourn"]
[EventRounds "9"]
[EventCountry "UKR"]
[EventCategory "2"]
[SourceTitle "CBM 145 Extra"]
[Source "ChessBase"]
[SourceDate "2012.01.03"]
[SourceVersion "1"]
[SourceVersionDate "2012.01.03"]
[SourceQuality "1"]

1. d4 d5 2. c4 c6 3. cxd5 cxd5 4. Nc3 Nf6 5. Nf3 Nc6 6. Bf4 Bf5 7. e3 e6 8. Bd3 Bxd3 9. Qxd3 Bd6 10. Bxd6 Qxd6 11. 0-0 0-0 12. Rac1 1/2-1/2

[Event "Donetsk Amitan Memorial IM 4th"]
[Site "Donetsk"]
[Date "2011.12.11"]
[Round "5"]
[White "Kutsyj, Alexander"]
[Black "Lojko, Alexej"]
[Result "1/2-1/2"]
[WhiteElo "2324"]
[BlackElo "2230"]
[PlyCount "60"]
[EventDate "2011.12.08"]
[EventType "tourn"]
[EventRounds "9"]
[EventCountry "UKR"]
[EventCategory "2"]
[SourceTitle "CBM 145 Extra"]
[Source "ChessBase"]
[SourceDate "2012.01.03"]
[SourceVersion "1"]
[SourceVersionDate "2012.01.03"]
[SourceQuality "1"]

1. e4 c5 2. c3 g6 3. d4 cxd4 4. cxd4 d5 5. e5 Nc6 6. Nc3 Nh6 7. Bf4 Nf5 8. Nf3 h5 9. Be2 Bg7 10. 0-0 0-0 11. Qd2 f6 12. exf6 exf6 13. h4 Be6 14. Rfe1 Bf7 15. Bd3 Qd7 16. Bxf5 Qxf5 17. Bh6 Rfe8 18. Bxg7 Kxg7 19. Rxe8 Rxe8 20. Re1 Rxe1+ 21. Qxe1 Qc2 22. Qb1 Qxb1+ 23. Nxb1 Be6 24. Nc3 Bg4 25. Nd2 Nxd4 26. Nxd5 Be6 27. Nc3 g5 28. hxg5 fxg5 29. f3 b5 30. a3 a5 1/2-1/2

[Event "Donetsk Amitan Memorial IM 4th"]
[Site "Donetsk"]
[Date "2011.12.10"]
[Round "3"]
[White "Kutsyj, Alexander"]
[Black "Shilin, Denis"]
[Result "1/2-1/2"]
[WhiteElo "2324"]
[BlackElo "2332"]
[PlyCount "29"]
[EventDate "2011.12.08"]
[EventType "tourn"]
[EventRounds "9"]
[EventCountry "UKR"]
[EventCategory "2"]
[SourceTitle "CBM 145 Extra"]
[Source "ChessBase"]
[SourceDate "2012.01.03"]
[SourceVersion "1"]
[SourceVersionDate "2012.01.03"]
[SourceQuality "1"]

1. e4 e5 2. Nf3 Nc6 3. Bb5 Bc5 4. 0-0 Nd4 5. Nxd4 Bxd4 6. c3 Bb6 7. d4 c6 8. Bc4 d6 9. dxe5 dxe5 10. Qxd8+ Bxd8 11. Be3 Bb6 12. Bxb6 axb6 13. Nd2 Nf6 14. f3 Ke7 15. Bb3 1/2-1/2

[Event "Donetsk Amitan Memorial IM 4th"]
[Site "Donetsk"]
[Date "2011.12.10"]
[Round "4"]
[White "Sysoenko, Aleksey"]
[Black "Kutsyj, Alexander"]
[Result "1-0"]
[WhiteElo "2244"]
[BlackElo "2324"]
[PlyCount "79"]
[EventDate "2011.12.08"]
[EventType "tourn"]
[EventRounds "9"]
[EventCountry "UKR"]
[EventCategory "2"]
[SourceTitle "CBM 145 Extra"]
[Source "ChessBase"]
[SourceDate "2012.01.03"]
[SourceVersion "1"]
[SourceVersionDate "2012.01.03"]
[SourceQuality "1"]

1. Nf3 Nf6 2. b3 g6 3. Bb2 Bg7 4. g3 0-0 5. Bg2 d6 6. 0-0 e5 7. d3 Nbd7 8. Nbd2 Re8 9. e4 c6 10. Re1 Qc7 11. c4 Nc5 12. Qc2 a5 13. a3 Nfd7 14. b4 axb4 15. axb4 Rxa1 16. Rxa1 Ne6 17. Bc3 h6 18. Nb3 Ng5 19. Nxg5 hxg5 20. Qa2 Nf6 21. Qa5 Qe7 22. b5 c5 23. Qb6 g4 24. Ra7 Nh7 25. Bd2 Qf8 26. Na5 Bh6 27. Bc3 Ng5 28. Nxb7 Nf3+ 29. Kf1 Bd2 30. Nxd6 Bxc3 31. Nxf7 Be6 32. Bxf3 gxf3 33. Ng5 Qf6 34. Qc6 Bh3+ 35. Nxh3 Qxc6 36. bxc6 Rb8 37. Rb7 Ra8 38. Rb1 Rc8 39. Ng5 Rxc6 40. Nxf3 1-0

[Event "Donetsk Amitan Memorial IM 4th"]
[Site "Donetsk"]
[Date "2011.12.09"]
[Round "2"]
[White "Zajarnyi, Anatolyi"]
[Black "Kutsyj, Alexander"]
[Result "1-0"]
[WhiteElo "2333"]
[BlackElo "2324"]
[PlyCount "103"]
[EventDate "2011.12.08"]
[EventType "tourn"]
[EventRounds "9"]
[EventCountry "UKR"]
[EventCategory "2"]
[SourceTitle "CBM 145 Extra"]
[Source "ChessBase"]
[SourceDate "2012.01.03"]
[SourceVersion "1"]
[SourceVersionDate "2012.01.03"]
[SourceQuality "1"]

1. Nf3 Nf6 2. b3 g6 3. Bb2 Bg7 4. e3 0-0 5. c4 c5 6. Be2 Nc6 7. 0-0 b6 8. d4 cxd4 9. Nxd4 Nxd4 10. Qxd4 Bb7 11. Rd1 Qc7 12. Nc3 Qc5 13. Qh4 Rac8 14. Rd2 d6 15. Rad1 Qf5 16. f3 Qc5 17. Qf2 a6 18. Na4 Qc7 19. e4 Nd7 20. Bxg7 Kxg7 21. Bf1 Bc6 22. Nc3 Nf6 23. Kh1 Kg8 24. Rd4 Rb8 25. a4 Qb7 26. Qe3 Qc7 27. Qh6 Rfd8 28. Re1 e6 29. Red1 Ne8 30. h4 Qe7 31. g4 Rdc8 32. Kg2 Rc7 33. Be2 f5 34. gxf5 gxf5 35. exf5 exf5 36. Kf2 Kh8 37. Bd3 Nf6 38. Bxf5 Qe5 39. Qf4 Qxf4 40. Rxf4 b5 41. axb5 axb5 42. Rxd6 Ne8 43. Rxc6 Rxc6 44. Bd7 Rc7 45. Rf8+ Kg7 46. Rxe8 Rxe8 47. Bxe8 bxc4 48. b4 Re7 49. Bc6 Kg6 50. b5 Ra7 51. b6 Ra3 52. b7 1-0

[Event "Myrhorod op"]
[Site "Myrhorod"]
[Date "2011.07.14"]
[Round "9"]
[White "Tsirulnik, Maritsa"]
[Black "Kutsyj, Alexander"]
[Result "1/2-1/2"]
[WhiteElo "2145"]
[BlackElo "2339"]
[PlyCount "159"]
[EventDate "2011.07.09"]
[EventType "swiss"]
[EventRounds "9"]
[EventCountry "UKR"]
[SourceTitle "CBM 143 Extra"]
[Source "ChessBase"]
[SourceDate "2011.08.29"]
[SourceVersion "1"]
[SourceVersionDate "2011.08.29"]
[SourceQuality "1"]

1. d4 Nf6 2. Nf3 g6 3. c4 Bg7 4. g3 0-0 5. Bg2 d6 6. 0-0 Nc6 7. Nc3 a6 8. b3 Rb8 9. Bb2 b5 10. cxb5 axb5 11. d5 Na5 12. Nd4 b4 13. Na4 Bd7 14. Rc1 Ra8 15. Qd2 Qb8 16. Ba1 Qb7 17. e4 Rfc8 18. Rfe1 Ra6 19. e5 Nxd5 20. e6 fxe6 21. Nxe6 Bxe6 22. Rxe6 c6 23. Bxg7 Kxg7 24. Bxd5 cxd5 25. Rxc8 Qxc8 26. Rxe7+ Kf6 27. Rxh7 Qf5 28. Rh4 g5 29. Qb2+ Kg6 30. Rh8 Qe5 31. Qc2+ Qe4 32. Rg8+ Kf7 33. Qxe4 dxe4 34. Rxg5 Nc6 35. Rb5 Ke6 36. Rb6 Rxb6 37. Nxb6 d5 38. Kf1 Nd4 39. h4 Nb5 40. Na4 Kf5 41. Ke1 Kg4 42. Nb2 Nc3 43. Nd1 d4 44. Nb2 Nxa2 45. Nc4 Nc1 46. Ne5+ Kf5 47. Nc6 Nxb3 48. Nxb4 Kg4 49. Nc6 d3 50. Ne5+ Kh5 51. Nc4 Kg4 52. Ne3+ Kh5 53. Kf1 Nd4 54. Ke1 Nb3 55. Kd1 Kg6 56. Ke1 Kh5 57. Kd1 Kg6 58. Nf1 Kf5 59. Ne3+ Kg6 60. Ke1 Kh5 61. Kf1 Nd4 62. Kg2 Kg6 63. g4 d2 64. Nd1 Kh6 65. Kh3 Ne2 66. Kg2 Nf4+ 67. Kg3 Ne2+ 68. Kh3 Nf4+ 69. Kh2 Ne2 70. Kg2 Nf4+ 71. Kf1 Kg6 72. Ne3 Kh6 73. Nd1 Kg6 74. f3 exf3 75. Kf2 Ng2 76. h5+ Kg5 77. Kxf3 Nf4 78. h6 Ng6 79. h7 Kh6 80. Ke2 1/2-1/2

[Event "Myrhorod op"]
[Site "Myrhorod"]
[Date "2011.07.13"]
[Round "8"]
[White "Kutsyj, Alexander"]
[Black "Ivaschenko, Dmitry"]
[Result "1/2-1/2"]
[WhiteElo "2339"]
[BlackElo "2194"]
[PlyCount "161"]
[EventDate "2011.07.09"]
[EventType "swiss"]
[EventRounds "9"]
[EventCountry "UKR"]
[SourceTitle "CBM 143 Extra"]
[Source "ChessBase"]
[SourceDate "2011.08.29"]
[SourceVersion "1"]
[SourceVersionDate "2011.08.29"]
[SourceQuality "1"]

1. e4 e6 2. d4 d5 3. Nd2 Nf6 4. e5 Nfd7 5. Bd3 c5 6. c3 Nc6 7. Ne2 cxd4 8. cxd4 f6 9. exf6 Qxf6 10. Nf3 h6 11. 0-0 Bd6 12. a3 0-0 13. Bc2 Rd8 14. h3 Nf8 15. Be3 Bd7 16. Qd2 Be8 17. Nf4 Rac8 18. Rac1 Rc7 19. Rfe1 Rdc8 20. Nd3 Bg6 21. Bf4 Bxf4 22. Nxf4 Bxc2 23. Rxc2 g5 24. Ne2 Ng6 25. Rc3 Rf7 26. Rf1 Rd8 27. b4 Nce7 28. Rc7 Nf5 29. Rxf7 Kxf7 30. Rc1 Nd6 31. Rc7+ Kg8 32. Qc1 Rf8 33. Qc2 Rf7 34. Rxf7 Qxf7 35. Qc5 Ne4 36. Qc8+ Kh7 37. Ng3 Nxg3 38. fxg3 b6 39. a4 Qe7 40. Qc3 Qd6 41. Kh2 Kg7 42. b5 Kf6 43. Qc8 Qe7 44. Qb8 Kg7 45. Kg1 Kf6 46. h4 g4 47. Ne5 Nxe5 48. Qxe5+ Kg6 49. h5+ Kh7 50. Qf4 Qg7 51. Kh2 Kg8 52. Qe3 Qf6 53. Qc3 Qf7 54. Kg1 Kg7 55. a5 bxa5 56. Qxa5 Kh7 57. Qa3 Kg7 58. Qd6 Kh7 59. Qe5 Kg8 60. Qe3 Kh7 61. Qe2 Qf5 62. Qa2 Qf7 63. Qa3 Kg7 64. Qd6 Kh7 65. Qe5 Kg8 66. Kh1 Qf1+ 67. Kh2 Qf7 68. Kg1 Kh7 69. Kh2 Kg8 70. Qf4 Qxh5+ 71. Kg1 Kg7 72. Qc7+ Qf7 73. Qe5+ Kg6 74. Qe1 h5 75. Qb1+ Kg7 76. Qc1 Qf6 77. Qc5 Qf7 78. Qc3 Qf5 79. Kh2 Qf6 80. Qc5 Qf7 81. Qc3 1/2-1/2

[Event "Myrhorod op"]
[Site "Myrhorod"]
[Date "2011.07.12"]
[Round "6"]
[White "Kutsyj, Alexander"]
[Black "Omelja, Artem"]
[Result "0-1"]
[WhiteElo "2339"]
[BlackElo "2293"]
[PlyCount "94"]
[EventDate "2011.07.09"]
[EventType "swiss"]
[EventRounds "9"]
[EventCountry "UKR"]
[SourceTitle "CBM 143 Extra"]
[Source "ChessBase"]
[SourceDate "2011.08.29"]
[SourceVersion "1"]
[SourceVersionDate "2011.08.29"]
[SourceQuality "1"]

1. e4 e6 2. d4 d5 3. Nd2 Nf6 4. e5 Nfd7 5. Bd3 c5 6. c3 Nc6 7. Ne2 cxd4 8. cxd4 f6 9. exf6 Qxf6 10. Nf3 h6 11. 0-0 Bd6 12. Be3 0-0 13. Rc1 a6 14. Bb1 Rd8 15. Qd2 e5 16. dxe5 Ndxe5 17. Nxe5 Bxe5 18. Bb6 Rd6 19. Bc5 Rd8 20. Bb6 Rd6 21. Bc5 Rd8 22. Bb6 Re8 23. Nc3 d4 24. Ne4 Qf4 25. Qxf4 Bxf4 26. Rce1 Kf7 27. g3 Be5 28. f4 Bb8 29. Kf2 Re7 30. a3 Be6 31. Nc5 Bd5 32. Rxe7+ Nxe7 33. Rd1 Nc8 34. Ba5 b6 35. Rxd4 Bc6 36. Ba2+ Ke7 37. Bb4 bxc5 38. Bxc5+ Bd6 39. Bxd6+ Nxd6 40. b4 Rd8 41. Bb1 Nb5 42. Rxd8 Kxd8 43. Bd3 Kd7 44. Ke3 Nxa3 45. Bxa6 Nc2+ 46. Kf2 Nxb4 47. Bc4 Kd6 0-1

[Event "Myrhorod op"]
[Site "Myrhorod"]
[Date "2011.07.09"]
[Round "1"]
[White "Kutsyj, Alexander"]
[Black "Konovalova, Vera"]
[Result "1-0"]
[WhiteElo "2339"]
[BlackElo "2029"]
[PlyCount "97"]
[EventDate "2011.07.09"]
[EventType "swiss"]
[EventRounds "9"]
[EventCountry "UKR"]
[SourceTitle "CBM 143 Extra"]
[Source "ChessBase"]
[SourceDate "2011.08.29"]
[SourceVersion "1"]
[SourceVersionDate "2011.08.29"]
[SourceQuality "1"]

1. e4 c6 2. d4 d5 3. e5 Bf5 4. Nf3 e6 5. Be2 h6 6. 0-0 Nd7 7. a4 Ne7 8. a5 Bh7 9. Bd2 Ng6 10. c4 Be7 11. cxd5 cxd5 12. Qb3 Rb8 13. g3 0-0 14. Bb4 b6 15. Bxe7 Qxe7 16. a6 Rbc8 17. Nc3 Nb8 18. Ne1 Nc6 19. Nb5 Qd7 20. Qa3 Nge7 21. Ng2 Nf5 22. Rfd1 Na5 23. Bd3 Nc4 24. Qb4 Ne7 25. Bxh7+ Kxh7 26. b3 Nc6 27. Qc3 N4a5 28. Qd3+ Kg8 29. Nd6 Rc7 30. Ne3 Nb4 31. Qe2 Rc3 32. Rab1 Rc7 33. Rb2 Rd8 34. Ra1 Nbc6 35. Qd3 Nb4 36. Qe2 Nbc6 37. Qd1 Nb4 38. Ra4 Nbc6 39. Rb1 Ne7 40. Qd3 Rb8 41. Kg2 Rd8 42. h4 Nec6 43. h5 Qe7 44. f4 f6 45. Rc1 Nxe5 46. Rxc7 Nxd3 47. Rxe7 Rxd6 48. Rxa7 Rd8 49. Rb7 1-0

[Event "Donetsk Amitan Memorial"]
[Site "Donetsk"]
[Date "2010.12.26"]
[Round "9"]
[White "Kutsyj, Alexander"]
[Black "Andreev, Eduard"]
[Result "1/2-1/2"]
[WhiteElo "2305"]
[BlackElo "2469"]
[PlyCount "27"]
[EventDate "2010.12.20"]
[EventType "tourn"]
[EventRounds "13"]
[EventCountry "UKR"]
[EventCategory "8"]
[SourceTitle "CBM 140 Extra"]
[Source "ChessBase"]
[SourceDate "2011.03.01"]
[SourceVersion "1"]
[SourceVersionDate "2011.03.01"]
[SourceQuality "1"]

1. e4 e6 2. d4 d5 3. Nd2 c5 4. exd5 Qxd5 5. Ngf3 cxd4 6. Bc4 Qd6 7. 0-0 Nf6 8. Nb3 Nc6 9. Nbxd4 Nxd4 10. Qxd4 Qxd4 11. Nxd4 Bd7 12. Be2 Bc5 13. Nb3 Bb6 14. Rd1 1/2-1/2

[Event "Donetsk Amitan Memorial"]
[Site "Donetsk"]
[Date "2010.12.25"]
[Round "7"]
[White "Kutsyj, Alexander"]
[Black "Kasparov, Sergey"]
[Result "1/2-1/2"]
[WhiteElo "2305"]
[BlackElo "2484"]
[PlyCount "33"]
[EventDate "2010.12.20"]
[EventType "tourn"]
[EventRounds "13"]
[EventCountry "UKR"]
[EventCategory "8"]
[SourceTitle "CBM 140 Extra"]
[Source "ChessBase"]
[SourceDate "2011.03.01"]
[SourceVersion "1"]
[SourceVersionDate "2011.03.01"]
[SourceQuality "1"]

1. d4 d5 2. c4 c6 3. cxd5 cxd5 4. Nc3 Nf6 5. Nf3 Nc6 6. Bf4 a6 7. e3 Bg4 8. Be2 e6 9. 0-0 Bd6 10. Bxd6 Qxd6 11. h3 Bxf3 12. Bxf3 0-0 13. Rc1 Rac8 14. a3 Rc7 15. Rc2 Rfc8 16. Qb1 g6 17. Rfc1 1/2-1/2

[Event "Donetsk Amitan Memorial"]
[Site "Donetsk"]
[Date "2010.12.25"]
[Round "8"]
[White "Soltanici, Ruslan"]
[Black "Kutsyj, Alexander"]
[Result "0-1"]
[WhiteElo "2415"]
[BlackElo "2305"]
[PlyCount "108"]
[EventDate "2010.12.20"]
[EventType "tourn"]
[EventRounds "13"]
[EventCountry "UKR"]
[EventCategory "8"]
[SourceTitle "CBM 140 Extra"]
[Source "ChessBase"]
[SourceDate "2011.03.01"]
[SourceVersion "1"]
[SourceVersionDate "2011.03.01"]
[SourceQuality "1"]

1. e4 c5 2. Nf3 Nc6 3. Nc3 e5 4. Bc4 Be7 5. d3 Nf6 6. Nd2 d6 7. Nf1 Bg4 8. f3 Be6 9. Ne3 0-0 10. 0-0 Nd4 11. a4 Rb8 12. Ncd5 Nd7 13. f4 exf4 14. Nxf4 Bxc4 15. Nxc4 Ne5 16. Ne3 Bg5 17. Nfd5 Kh8 18. Kh1 Qd7 19. c3 Bxe3 20. Bxe3 Ndc6 21. b4 b6 22. d4 cxd4 23. cxd4 Ng6 24. Rc1 Rbc8 25. Qd3 Nce7 26. Rxc8 Qxc8 27. Rc1 Qe6 28. Nc7 Qg4 29. h3 Qg3 30. Qd2 h6 31. Nb5 d5 32. e5 f5 33. Qf2 Qxf2 34. Bxf2 Rc8 35. Rxc8+ Nxc8 36. a5 Kg8 37. Be1 Kf7 38. Nc7 Nf4 39. Bc3 Ke7 40. axb6 axb6 41. Bd2 Kd7 42. Nb5 Ne6 43. Be3 Kc6 44. Nc3 Na7 45. g3 g5 46. Kg2 Nb5 47. Ne2 Na3 48. Nc3 b5 49. h4 Nc2 50. Kf2 Ncxd4 51. Bxd4 Nxd4 52. Nd1 Kd7 53. Nb2 Ke6 54. Nd3 Nc6 0-1

[Event "Yuzhny op"]
[Site "Yuzhny"]
[Date "2010.09.11"]
[Round "8"]
[White "Bondarchuk, Sergei"]
[Black "Kutsyj, Alexander"]
[Result "1/2-1/2"]
[WhiteElo "2322"]
[BlackElo "2302"]
[PlyCount "33"]
[EventDate "2010.09.07"]
[EventType "swiss"]
[EventRounds "9"]
[EventCountry "UKR"]
[SourceTitle "CBM 138 Extra"]
[Source "ChessBase"]
[SourceDate "2010.10.29"]
[SourceVersion "1"]
[SourceVersionDate "2010.10.29"]
[SourceQuality "1"]

1. e4 c5 2. Nf3 Nc6 3. d4 cxd4 4. Nxd4 Nf6 5. Nc3 e5 6. Ndb5 d6 7. a4 Bg4 8. f3 Be6 9. Bg5 a6 10. Na3 Rc8 11. Bc4 Nb4 12. b3 Be7 13. Bxf6 Bxf6 14. 0-0 0-0 15. Nd5 Bg5 16. Kh1 Nc6 17. Rb1 1/2-1/2

[Event "UKR-ch"]
[Site "Alushta"]
[Date "2010.05.08"]
[Round "6"]
[White "Iljin, Timofey"]
[Black "Kutsyj, Alexander"]
[Result "1-0"]
[WhiteElo "2422"]
[BlackElo "2343"]
[PlyCount "43"]
[EventDate "2010.05.03"]
[EventType "swiss"]
[EventRounds "9"]
[EventCountry "UKR"]
[SourceTitle "CBM 136 Extra"]
[Source "ChessBase"]
[SourceDate "2010.07.02"]
[SourceVersion "2"]
[SourceVersionDate "2010.07.15"]
[SourceQuality "1"]

1. d4 Nf6 2. c4 g6 3. Nc3 Bg7 4. e4 0-0 5. f4 d6 6. Nf3 c5 7. d5 b5 8. cxb5 a6 9. a4 Qa5 10. Bd2 axb5 11. Bxb5 Ba6 12. 0-0 Qb6 13. e5 Ne8 14. Qe2 Nc7 15. Rad1 Bxb5 16. axb5 Nd7 17. e6 fxe6 18. dxe6 Nf6 19. f5 d5 20. fxg6 Nxe6 21. gxh7+ Kxh7 22. Qxe6 1-0